Statistics for All airports in South Korea

Click here to take the quiz!

General Stats

  • This quiz has been taken 16 times
  • The average score is 9 of 15

Answer Stats

HintAirports% Correct
InternationalBusan Gimhae
100%
InternationalSeoul-Incheon
100%
InternationalJeju
93%
InternationalSeoul-Gimpo
87%
DomesticGwangju
80%
InternationalDaegu
73%
DomesticPohang Gyeongju
73%
DomesticUlsan
73%
InternationalCheongju
53%
DomesticWonju
47%
InternationalYangyang
47%
DomesticGunsan
33%
DomesticJinju Sacheon
27%
InternationalMuan
27%
DomesticYeosu
13%

Score Distribution

Percentile by Number Answered

Percent of People with Each Score

Your Score History

You have not taken this quiz